00784nam a2200193 a 450000100100000000500170001000800410002702000150006804000250008308200170010824501630012526000560028830000210034449000380036553400890040370000220049270000380051483000380055200002560820200930023919.0110218s2002 mx r 000 0 spa d a9682323878 aDO-SdBNPbspacBNPHU axxxxxbP112f00aPaulo Friere y la formación de educadores :bmúltiples miradas /ccoordinación Ana María Saul, [et. al.]... ; traducción Alma Delia Miranda Aguilar. aMéxico, D. F. :bSiglo Veintiuno Editores,c2002. a367 p. ;c21 cm.1 aEducación (Mexico City, Mexico) pTítulo original:tPaulo Friere e a formação de educadores: múltiplos olhares1 aSaul, Ana María1 aMiranda Aguilar, Alma Delia,etr. 0aEducación (Mexico City, Mexico)